|
|
|
|
| LEADER |
00000nam a2200000 a 4500 |
| 001 |
UCV1443 |
| 003 |
CL-VaPUC |
| 008 |
900625e19820000SP |||||||||||||||||spa|d |
| 082 |
0 |
4 |
|a 346.066
|b VEL
|2 21
|
| 100 |
0 |
|
|a Velasco, Gaudencio Esteban
|e author
|9 295704
|
| 245 |
1 |
3 |
|a El poder de decisión en las sociedades anónimas: derecho y reforma del derecho español
|
| 300 |
|
|
|a 672 p
|
| 942 |
|
|
|c BK
|
| 945 |
|
|
|d 19900625 00:00:00
|
| 260 |
|
|
|a Madrid
|b Civitas
|c 1982
|
| 650 |
|
0 |
|a Sociedades anónimas
|9 255387
|
| 583 |
|
|
|a last modification
|c 19900625 00:00:00
|k Rodrigo Vera
|
| 999 |
|
|
|c 209397
|d 209395
|
| 952 |
|
|
|0 0
|1 0
|4 0
|6 346_066000000000000_VEL_1982
|7 0
|8 A
|9 184769
|a BIBDER
|b BIBDER
|d 2019-11-14
|i 2520893
|o 346.066 VEL 1982
|p 2520893
|r 2023-01-25
|w 2019-11-14
|y BK
|k DER
|